|
|
|
|
| LEADER |
01323nam a2200277 a 4500 |
| 001 |
16586951 |
| 008 |
120524s2011 ii a b 001 0 eng d |
| 010 |
|
|
|a 2010053793
|
| 020 |
|
|
|a 9788132104391 (hard back)
|
| 040 |
|
|
|a DLC
|c DLC
|d DLC
|d BD-DhAAL
|
| 082 |
0 |
0 |
|a 305.420954
|2 22
|
| 100 |
1 |
|
|a Jain, Jasbir.
|
| 245 |
1 |
0 |
|a Indigenous roots of feminism :
|b culture, subjectivity and agency /
|c Jasbir Jain.
|
| 260 |
|
|
|a New Delhi ;
|a Thousand Oaks, Calif. :
|b SAGE Publications,
|c 2011.
|
| 300 |
|
|
|a xiv, 340 p. :
|b ill. (some col.) ;
|c 23 cm.
|
| 504 |
|
|
|a Includes bibliographical references (p. 309-328) and index.
|
| 505 |
0 |
|
|a A people without a history? -- The body and the soul : epics : the living tradition -- Working through space : patriarchy and resistance -- Getting back at men through God -- The nineteenth century and after -- Articulating the self -- Tracing the difference.
|
| 541 |
1 |
|
|e 00025277
|
| 650 |
|
0 |
|a Women
|z India.
|
| 650 |
|
0 |
|a Feminism
|z India.
|
| 650 |
|
0 |
|a Class consciousness
|z India.
|
| 650 |
|
0 |
|a Gender identity
|z India.
|
| 650 |
|
0 |
|a Self
|z India.
|
| 852 |
1 |
|
|a Ayesha Abed Library
|j General shelf
|
| 999 |
|
|
|c 12260
|d 12260
|
| 952 |
|
|
|0 0
|1 0
|4 0
|6 305_420954000000000_JAI
|7 0
|9 20302
|a BRACUL
|b BRACUL
|c GEN
|d 2012-05-24
|e Karim International
|g 907.00
|l 0
|o 305.420954 JAI
|p 3010025277
|r 2012-05-24
|t 1
|w 2012-05-24
|y BK
|